Higher algebra / (Record no. 8976)
[ view plain ]
| 000 -LEADER | |
|---|---|
| fixed length control field | 00733cam a22002651a 4500 |
| 001 - CONTROL NUMBER | |
| control field | 8976 |
| 003 - CONTROL NUMBER IDENTIFIER | |
| rucl marc code | BD-RjUL |
| 005 - DATE AND TIME OF LATEST TRANSACTION | |
| control field | 20211208234706.0 |
| 008 - FIXED-LENGTH DATA ELEMENTS--GENERAL INFORMATION | |
| fixed length control field | 140120s2003 ii 001 0 eng d |
| 035 ## - SYSTEM CONTROL NUMBER | |
| System control number | (BD-RjUL)9021 |
| System control number | (OCoLC)3199082 |
| 040 ## - CATALOGING SOURCE | |
| Original cataloging agency | DLC |
| Transcribing agency | OC |
| Modifying agency | DLC |
| -- | BD-RjUL |
| Language of cataloging | eng |
| 041 ## - LANGUAGE CODE | |
| Language code of text/sound track or separate title | eng |
| 082 ## - DEWEY DECIMAL CLASSIFICATION NUMBER | |
| Classification number | 512.8 |
| Author mark and year | BAH 2003 |
| 100 1# - MAIN ENTRY--PERSONAL NAME | |
| Personal name | Barnard, Samuel. |
| 9 (RLIN) | 27865 |
| 245 10 - TITLE STATEMENT | |
| Title | Higher algebra / |
| Statement of responsibility, etc. | S. Barnard and J. M. Child. |
| 250 ## - EDITION STATEMENT | |
| Edition statement | enlarged. ed. |
| 260 ## - PUBLICATION, DISTRIBUTION, ETC. (IMPRINT) | |
| Place of publication, distribution, etc. | India ; |
| Name of publisher, distributor, etc. | A.I.T.B.S.pub., |
| Date of publication, distribution, etc. | c2003 |
| 300 ## - PHYSICAL DESCRIPTION | |
| Pagination | xiv, 585 p. |
| Illustrations | diagrs. |
| Size | 22 cm. |
| 650 #0 - SUBJECT ADDED ENTRY--TOPICAL TERM | |
| Topical term or geographic name as entry element | Algebra. |
| 9 (RLIN) | 27866 |
| 700 1# - ADDED ENTRY--PERSONAL NAME | |
| Personal name | Child, J. M. |
| Fuller form of name | (James Mark) |
| Relator term | joint author. |
| 942 ## - ADDED ENTRY ELEMENTS (KOHA) | |
| Source of classification or shelving scheme | Dewey Decimal Classification |
| Koha item type | Books |
| Lost status | Source of classification or shelving scheme | Damaged status | Not for loan | Collection code | Permanent Location | Current Location | Shelving location | Date acquired | Source of acquisition | Cost, normal purchase price | Total Checkouts | Full call number | Date last seen | Date checked out | Copy number | Koha item type |
|---|---|---|---|---|---|---|---|---|---|---|---|---|---|---|---|---|
| Dewey Decimal Classification | Non-fiction | Central Library, University of Rajshahi | Central Library, University of Rajshahi | 05/05/2008 | Paragon Enterprise Ltd. | 125.00 | 1 | 512.8 BAH 2003 | 02/04/2023 | 07/02/2023 | C-9 | Books | ||||
| Dewey Decimal Classification | Non-fiction | Central Library, University of Rajshahi | Central Library, University of Rajshahi | 05/05/2008 | Paragon, Dhaka | 125.00 | 512.8 BAH 2003 | 21/04/2016 | C-2 | Books |